01291nam a22002537a 4500003000900000005001700009007000300026008004100029020001800070040002500088082001600113100004500129245023500174260005300409300002000462500007200482590002700554910001400581942001400595952013300609952013900742952013900881999001701020DO-SdBNP20221104153704.0ta110301s2022 dr 000 0 spa d a9789945180411 aDO-SdBNPbspacBNPHU 4axxxxbT233n aTaveras Lucas, Orlando A971377qAlfonso10aNueva técnica para prevenir y/o tratar alzheimer, parkinson y, otras afecciones neurodegenerativas :bla teoria que provocó el cambio en las investigaciones científicas para combatir el alzheimer /cOrlando A. Taveras Lucas  aSanto Domingo :bMaquetación editorial,c2022. a49 p. :c21 cm. aIncluye datos biográficos del autor en la solapa de la portada.  aInventariado, 2022/ YL aYLockward 2ddccLBS1 00102ddc51708PDaBNPHUbBNPHUcCTd2022-07-24eOrlando Taveras Lucasl0oxxxx T233np2022-4975r2022-11-04w2022-11-04yLBS1 00102ddc51708PDaBNPHUbBNPHUcCTd2022-07-24eOrlando Taveras Lucasl0oxxxx T233np2022-4976r2022-11-04te. 2w2022-11-04yLBS1 00102ddc56708DSaBNPHUbBNPHUcCTd2022-07-24eOrlando Taveras Lucasl0oxxxx T233np2022-4977r2022-11-04te. 3w2022-11-04yLBS1 c52804d52804